000 00325nam a22001457a 4500
020 _a978-0140-374605
082 _a823
_bCOO/P
100 _aCOOLING,WENDY
245 _aSTORIES FOR SEVEN YEAR OLDS
260 _aLONDON
_bPENGUIN BOOKS
_c1996
300 _a164
520 _aSHORT STORY
650 _aSHORT STORY
942 _cBK
999 _c5814
_d5814